Swahili. Verbs, 'see'. Match. (SimbaMweupe) Quiz Stats

 Plays Quiz not verified by Sporcle

Challenge
Share
Tweet
Score 0/11 Timer 02:00
0 Plays Today
% Correct
cook
98.1%
speak
98.1%
sleep
98.1%
drink
97.1%
watch
97.1%
be
97.1%
climb
97.1%
see
96.1%
eat
96.1%
hear
96.1%
clean
94.2%

You're not logged in!

Compare scores with friends on all Sporcle quizzes.
Join for Free
OR
Log In

You Might Also Like...

Show Comments

Extras

Top Quizzes Today


Score Distribution

Your Account Isn't Verified!

In order to create a playlist on Sporcle, you need to verify the email address you used during registration. Go to your Sporcle Settings to finish the process.

Report this User

Report this user for behavior that violates our Community Guidelines.

Details: